Monster Legends All Uncommon Monsters - Statistics

General Stats
  • This quiz has been taken 8 times
  • The average score is 17 of 32
Answer Stats
Answer % Correct
Bloomskips
100%
Firekong
100%
Greenasaur
100%
Electrex
67%
Esmelter
67%
Flickie
67%
Gastosquish
67%
Gigram
67%
Light Sphinx
67%
Obsidia
67%
Pelitwhirl
67%
Pyrook
67%
Rarawr
67%
Raydex
67%
Sealion
67%
Sheluke
67%
Succuba
67%
Terror Dactyl
67%
Vixsun
67%
Blesstle
33%
Dolphchamp
33%
Flawless
33%
Giragast
33%
Heimdal
33%
Jonskeer
33%
Lesaki
33%
Omethyst
33%
Rockneto
33%
Shock Turtle
33%
Utochomp
33%
Manolyth
0%
Metanephrops
0%
No matching quizzes found
Score Distribution
Percent of People with Each Score
Percentile by Number Answered
Your Score History
You have not taken this quiz